000 00799nam a2200265 a 4500
001 BRCA_5916
005 20190320205249.0
008 180311s1965----nyua######---#000-0#eng-#
041 _aeng
044 _anyu
050 4 _aNK7144
_b.W95 2 1965
100 1 _aWyler, Seymour B.
_914955
245 1 0 _aThe book of old silver
_bEnglish-American-Foreing
_cby Seymour B. Wyler.
260 _aNueva York
_bCrown
_c19a imp. 1965
300 _ax, 401 p.
_bil., 47 láminas
_c25 cm.
500 _aIncluye lista de ilustraciones e índice alfabético
500 _aVer también CEF111
500 _aG65
504 _aBibliografía: p. 398
650 1 4 _aPlatería inglesa
_97768
650 1 4 _aPlatería estadounidense
_914956
650 1 4 _aPlatería
_xHistoria
_92975
902 _aGFM
942 _2lcc
_cB
999 _c5605
_d5605